000 00737cam a22002533a 4500
001 19675
003 PGUSA
005 20140828083422.0
008 061031s2006||||xxu|||||s|||||000 1 eng d
040 _aPGUSA
_beng
042 _adc
050 4 _aPT
100 1 _aGerstäcker, Friedrich,
_d1816-1872
245 1 0 _aHerrn Mahlhubers Reiseabenteuer
_h[electronic resource] /
_cFriedrich Gerstäcker
260 _bProject Gutenberg,
_c2006
506 _aPublic domain in the USA.
516 _aElectronic text
653 _aTravel -- Fiction
653 _aSatire
653 _aBayern (Bavaria, Germany : Province) -- Fiction
830 0 _aProject Gutenberg
_v19675
856 4 0 _uhttp://www.gutenberg.org/ebooks/19675
942 _cEB
999 _c248930
_d248930